| 000 | 00642cam a22002054a 4500 | ||
|---|---|---|---|
| 020 | _a286844086X | ||
| 040 | _cDLC | ||
| 082 | _a330 GRE 1997 A014 Or. | ||
| 245 | 0 | 2 | _aL'impact micro-économique du crédit rural au Cambodge = The micro-economic impact of rural credit in Cambodia / |
| 246 | 3 | 1 | _aMicro-economic impact of rural credit in Cambodia |
| 260 |
_aParis : _bGRET, _c1997. |
||
| 300 |
_a64, 64 p. : _bill. (some col.) ; _c30 cm. |
||
| 490 | 1 | _aCollection Etudes et travaux | |
| 650 | 0 | _aRural credit | |
| 650 | 0 | _aRural credit | |
| 650 | 0 | _aMicrofinance | |
| 650 | 0 | _aMicrofinance | |
| 700 | 1 | _aBousso, Pascal. | |
| 942 | _cEK | ||
| 999 |
_c13469 _d13469 |
||